The Radetzky March /

Uloženo v:
Podrobná bibliografie
Hlavní autor: Roth, Joseph
Médium: Sách giấy
Jazyk:English
Vydáno: London : David Campbell , 1996
Tagy: Přidat tag
Žádné tagy, Buďte první, kdo otaguje tento záznam!
Thư viện lưu trữ: Thư viện Trường Đại học Đà Lạt
LEADER 00531nam a2200241 4500
001 DLU020018393
005 ##9/24/2001
020 # # |a 978- 
041 # # |a eng 
082 # # |a 839.33  |b RO-J 
100 # # |a Roth, Joseph 
245 # # |a The Radetzky March /  |c Joseph Roth 
260 # # |a London :  |b David Campbell ,  |c 1996 
300 # # |a , 331 tr.;   |c 21 cm. 
992 # # |a 0 
994 # # |a DLU 
900 # # |a False 
911 # # |a Administrator 
925 # # |a G 
926 # # |a A 
927 # # |a SH 
980 # # |a Thư viện Trường Đại học Đà Lạt